survey on infectious diseases of pigs in rolae pa-ear district, kampong chhanang province (ការអង្កេតជំងឺឆ្លងសំខាន់ៗដែលជួបប្រទះញឹកញាប់លើជ្រូកនៅស្រុករលាប្អៀង ខេត្តកំពង់ឆ្នំាង) (Record no. 2606)

000 -LEADER
fixed length control field 00733nam a22001337a 4500
040 ## - CATALOGING SOURCE
Transcribing agency RUA
082 ## - DEWEY DECIMAL CLASSIFICATION NUMBER
Classification number AVM KON 2013 B104 Or.1
100 ## - MAIN ENTRY--AUTHOR NAME
Personal name KONG SOPHANNARO, គង់ សុផាន់ណារ៉ូ
245 ## - TITLE STATEMENT
Title survey on infectious diseases of pigs in rolae pa-ear district, kampong chhanang province (ការអង្កេតជំងឺឆ្លងសំខាន់ៗដែលជួបប្រទះញឹកញាប់លើជ្រូកនៅស្រុករលាប្អៀង ខេត្តកំពង់ឆ្នំាង)
260 ## - PUBLICATION, DISTRIBUTION, ETC. (IMPRINT)
Place of publication Phnom Penh
Name of publisher RUA
Year of publication 2013
300 ## - PHYSICAL DESCRIPTION
Number of Pages x, 48p.
Other physical details ill.
Dimensions 29cm.
856 ## - ELECTRONIC LOCATION AND ACCESS
Uniform Resource Identifier https://drive.google.com/file/d/1RmRJXOFtv7H0jyoCeAq_5QyOOKV9KUZF/view?usp=sharing
942 ## - ADDED ENTRY ELEMENTS (KOHA)
Koha item type AVM
952 ## - LOCATION AND ITEM INFORMATION (KOHA)
Withdrawn status [LOCAL, KOHA] 0
952 ## - LOCATION AND ITEM INFORMATION (KOHA)
Withdrawn status [LOCAL, KOHA] 0
952 ## - LOCATION AND ITEM INFORMATION (KOHA)
Withdrawn status [LOCAL, KOHA] 0
952 ## - LOCATION AND ITEM INFORMATION (KOHA)
Withdrawn status [LOCAL, KOHA] 0
952 ## - LOCATION AND ITEM INFORMATION (KOHA)
Withdrawn status [LOCAL, KOHA] 0
952 ## - LOCATION AND ITEM INFORMATION (KOHA)
Withdrawn status [LOCAL, KOHA] 0
952 ## - LOCATION AND ITEM INFORMATION (KOHA)
Withdrawn status [LOCAL, KOHA] 0
952 ## - LOCATION AND ITEM INFORMATION (KOHA)
Withdrawn status [LOCAL, KOHA] 0
952 ## - LOCATION AND ITEM INFORMATION (KOHA)
Withdrawn status [LOCAL, KOHA] 0
Holdings
Permanent Location Date acquired Koha item type Lost status Shelving location Barcode Current Location Full call number
Library Block B2015-10-24AVM B104RUA018329Library Block BAVM KON 2013 B104 Or.1
Library Block B2015-10-24AVM B104RUA018185Library Block BAVM KON 2013 B104 Or.2
Library Block B2015-10-24AVM B104RUA018100Library Block BAVM KON 2013 B104 Or.4
Library Block B2015-10-24AVM B104RUA018172Library Block BAVM KON 2013 B104 Or.5
Library Block B2015-10-24AVM B104RUA018137Library Block BAVM KON 2013 B104 Or.6
Library Block B2015-10-24AVM B104RUA018065Library Block BAVM KON 2013 B104 Or.7
Library Block B2015-10-24AVM B104RUA018419Library Block BAVM KON 2013 B104 Or.8
Library Block B2019-05-31AVM B1.234A37708Library Block BAVM KON 2013 B1.234 Or.1
Library Block B2019-05-31AVM B1.234A37633Library Block BAVM KON 2013 B1.234 Or.1
មជ្ឈមណ្ឌលឯការនៃសាកលវិទ្យាល័យភូមិន្ទកសិកម្មចំការដូង

Powered by Koha